Laxton's building price book (Record no. 103771)

MARC details
000 -LEADER
fixed length control field 02003cam a2200361 4500
001 - CONTROL NUMBER
control field L127387
008 - FIXED-LENGTH DATA ELEMENTS--GENERAL INFORMATION
fixed length control field 040914n2004 000 0 eng u
020 ## - INTERNATIONAL STANDARD BOOK NUMBER
International Standard Book Number 075064737X
035 ## - SYSTEM CONTROL NUMBER
System control number (Sirsi) u127387
041 ## - LANGUAGE CODE
Language code of text/sound track or separate title eng
050 ## - LIBRARY OF CONGRESS CALL NUMBER
Classification number 692.5
-- 18
110 ## - MAIN ENTRY--CORPORATE NAME
Corporate name or jurisdiction name as entry element V B Johnson and Partners
245 ## - TITLE STATEMENT
Title Laxton's building price book
Remainder of title major and small works 2005
250 ## - EDITION STATEMENT
Edition statement 177th ed.
260 ## - PUBLICATION, DISTRIBUTION, ETC.
Place of publication, distribution, etc. Oxford
Name of publisher, distributor, etc. Laxton
Date of publication, distribution, etc. 2004
300 ## - PHYSICAL DESCRIPTION
Extent Various pagings
Dimensions 30cm.
350 ## - PRICE (NR) (BK AM CF MU VM SE) [OBSOLETE]
Price 110
505 ## - FORMATTED CONTENTS NOTE
Formatted contents note Section 1: introduction and preliminaries including allowances for regional factors and tender values
505 ## - FORMATTED CONTENTS NOTE
Formatted contents note Section 2: major works (works within the range of £500 000 to £1 500 000 with adjustment for tender values from £250 000 to £5 000 000)
505 ## - FORMATTED CONTENTS NOTE
Formatted contents note Section 3: small works (works within the range of £50 000 to £100 000 with adjustments for tender values from £15 000 to £250 000)
505 ## - FORMATTED CONTENTS NOTE
Formatted contents note Section 4: repairs and maintenance works (works up to the value of £15 000)
505 ## - FORMATTED CONTENTS NOTE
Formatted contents note Section 5: general information covering standard rates of wages, builders' and contractors' plant, guide prices to building types, cost allowances, national working rule agreement, daywork charges, Construction (Design and Management) Regulations 1994, fees, arbitration, tables, memoranda and metric system
505 ## - FORMATTED CONTENTS NOTE
Formatted contents note Section 6: brands and trade names - company information and products and services
520 ## - SUMMARY, ETC.
Summary, etc. The latest edition of this standard building price book used by quantity surveyors, contractors and subcontractors, architects, developers, public authorities and those interested in the cost and price of building works.
520 ## - SUMMARY, ETC.
Summary, etc. Accompanied by a CD-ROM (L145174) which is not available for loan
520 ## - SUMMARY, ETC.
Summary, etc. Superseded by 178th edition (ISBN 0750665602).
650 ## - SUBJECT ADDED ENTRY--TOPICAL TERM
Topical term or geographic name entry element SMALL WORKS
650 ## - SUBJECT ADDED ENTRY--TOPICAL TERM
Topical term or geographic name entry element BUILDING PRICE BOOKS
650 ## - SUBJECT ADDED ENTRY--TOPICAL TERM
Topical term or geographic name entry element MAJOR WORKS
650 ## - SUBJECT ADDED ENTRY--TOPICAL TERM
Topical term or geographic name entry element BUILT ENVIRONMENT-BUILDING COSTS
690 ## - LOCAL SUBJECT ADDED ENTRY--TOPICAL TERM (OCLC, RLIN)
Topical term or geographic name as entry element BUILT ENVIRONMENT-BUILDING COSTS
942 ## - ADDED ENTRY ELEMENTS (KOHA)
Suppress in OPAC 0
Holdings
Withdrawn status Lost status Source of classification or shelving scheme Damaged status Not for loan Home library Current library Shelving location Date acquired Cost, normal purchase price Total Checkouts Full call number Barcode Date last seen Date last checked out Copy number Cost, replacement price Price effective from Koha item type
    Dewey Decimal Classification     London London Folio 14/10/2004 89.25 12 SHELF 116 30069577 06/08/2019 04/12/2009 1 89.25 06/08/2019 Book